C Countries by Word Length - One Minute Sprint - Statistics

General Stats
  • This quiz has been taken 43 times
  • The average score is 6 of 8
Answer Stats
letters country % Correct
4 Chad, Cuba
97%
5 China, Chile, Congo
94%
8 Cambodia, Cameroon, Colombia
86%
7 Comoros, Croatia, Czechia
83%
6 Canada, Cyprus
75%
9 Cabo Verde, Costa Rica
56%
22 Central African Republic
56%
11 Côte d'Ivoire
11%
No matching quizzes found
Score Distribution
Percent of People with Each Score
Percentile by Number Answered
Your Score History
You have not taken this quiz